[Event "EU-ch Rapid"]
[Site "Katowice"]
[Date "2022.12.17"]
[Round "4"]
[White "Slabicki, Andrzej"]
[Black "Skawinski, Arkadiusz"]
[Result "0-1"]
[WhiteElo "1888"]
[BlackElo "2348"]
[PlyCount "34"]
[EventDate "2022.12.17"]
[EventType "swiss (rapid)"]
[EventRounds "11"]
[EventCountry "POL"]
[SourceTitle "CBM 211 Extra"]
[Source "ChessBase"]
[SourceDate "2023.01.31"]
[SourceVersion "1"]
[SourceVersionDate "2023.01.31"]
[SourceQuality "1"]

1. c4 e6 2. e4 d5 3. exd5 exd5 4. d4 Nf6 5. Nc3 Bb4 6. a3 Bxc3+ 7. bxc3 0-0 8. h3 Re8+ 9. Be3 Ne4 10. Qc2 Bf5 11. Qb2 Nd7 12. c5 b6 13. c6 Ndf6 14. g4 Bg6 15. Nf3 Ng3 16. fxg3 Rxe3+ 17. Kf2 Rxf3+ 0-1

[Event "Hradec Kralove op 10th"]
[Site "Hradec Kralove"]
[Date "2019.10.27"]
[Round "2"]
[White "Slabicki, Andrzej"]
[Black "Swicarz, Maciej"]
[Result "0-1"]
[WhiteElo "1943"]
[BlackElo "2356"]
[PlyCount "58"]
[EventDate "2019.10.26"]
[EventType "swiss"]
[EventRounds "9"]
[EventCountry "CZE"]
[SourceTitle "CBM 193 Extra"]
[Source "ChessBase"]
[SourceDate "2020.01.31"]
[SourceVersion "1"]
[SourceVersionDate "2020.01.31"]
[SourceQuality "1"]

1. c4 Nf6 2. g3 e6 3. Bg2 d5 4. d4 Be7 5. Nc3 0-0 6. cxd5 exd5 7. Nf3 c6 8. 0-0 Bf5 9. Ne5 Qb6 10. e3 Nbd7 11. f4 Bb4 12. g4 Nxe5 13. gxf5 Nc4 14. Qd3 Rfe8 15. Na4 Qc7 16. a3 Ba5 17. b4 Bb6 18. Nc3 Qd7 19. Bh3 a5 20. bxa5 Bxa5 21. Kg2 Bxc3 22. Qxc3 Nd6 23. Qc2 Re4 24. Rb1 Rae8 25. Rf3 h5 26. Qd1 Ng4 27. f6 Nf5 28. Rb3 Nxd4 29. exd4 Re1 0-1

[Event "Prague op"]
[Site "Prague"]
[Date "2019.03.13"]
[Round "6"]
[White "Poysti, Nathanael Nicolai"]
[Black "Slabicki, Andrzej"]
[Result "1-0"]
[WhiteElo "2193"]
[BlackElo "1940"]
[PlyCount "43"]
[EventDate "2019.03.09"]
[EventType "swiss"]
[EventRounds "9"]
[EventCountry "CZE"]
[SourceTitle "CBM 189 Extra"]
[Source "ChessBase"]
[SourceDate "2019.06.03"]
[SourceVersion "1"]
[SourceVersionDate "2019.06.03"]
[SourceQuality "1"]

1. Nf3 d5 2. e3 c5 3. d4 Nc6 4. c4 cxd4 5. exd4 Bg4 6. Nc3 Bxf3 7. gxf3 dxc4 8. d5 Ne5 9. Bf4 Nd3+ 10. Bxd3 cxd3 11. Qxd3 a6 12. 0-0-0 Qd7 13. Rhe1 Nf6 14. Be5 b5 15. Kb1 Rd8 16. d6 e6 17. Qd4 Rg8 18. Bxf6 gxf6 19. Ne4 Bg7 20. Nxf6+ Bxf6 21. Qxf6 Qc6 22. Qe7# 1-0

[Event "Prague op"]
[Site "Prague"]
[Date "2019.03.10"]
[Round "2"]
[White "Svanda, Ondrej"]
[Black "Slabicki, Andrzej"]
[Result "1-0"]
[WhiteElo "2298"]
[BlackElo "1940"]
[PlyCount "69"]
[EventDate "2019.03.09"]
[EventType "swiss"]
[EventRounds "9"]
[EventCountry "CZE"]
[SourceTitle "CBM 189 Extra"]
[Source "ChessBase"]
[SourceDate "2019.06.03"]
[SourceVersion "1"]
[SourceVersionDate "2019.06.03"]
[SourceQuality "1"]

1. e4 e5 2. Nf3 Nc6 3. Bb5 Nd4 4. Nxd4 exd4 5. 0-0 g6 6. c3 Bg7 7. e5 c6 8. Bc4 Ne7 9. cxd4 Qb6 10. Qe2 Qxd4 11. Re1 b5 12. Bb3 Bb7 13. Na3 Qb6 14. d4 0-0 15. Be3 Nf5 16. Nc2 a5 17. a3 Rae8 18. Qd3 c5 19. dxc5 Qc6 20. Qf1 Bxe5 21. Rad1 Nxe3 22. Nxe3 Qxc5 23. Rxd7 Bc6 24. Rd2 Bb8 25. Nd5 Kg7 26. g3 Rxe1 27. Qxe1 Rd8 28. Rc2 Rxd5 29. Rxc5 Rxc5 30. h3 a4 31. Bd1 Be5 32. Qe3 Rd5 33. Bf3 Bd4 34. Qf4 Be5 35. Qc1 1-0

[Event "Bayern-chI Bank Hofmann 21st"]
[Site "Tegernsee"]
[Date "2017.10.30"]
[Round "3"]
[White "Henderson de la Fuente, Lance"]
[Black "Slabicki, Andrzej"]
[Result "1-0"]
[WhiteElo "2410"]
[BlackElo "1943"]
[PlyCount "77"]
[EventDate "2017.10.28"]
[EventType "swiss"]
[EventRounds "9"]
[EventCountry "GER"]
[SourceTitle "CBM 181 Extra"]
[Source "ChessBase"]
[SourceDate "2017.12.12"]
[SourceVersion "1"]
[SourceVersionDate "2017.12.12"]
[SourceQuality "1"]

1. e4 Nf6 2. e5 Nd5 3. d4 d6 4. c4 Nb6 5. exd6 exd6 6. Nc3 Nc6 7. Be3 Bf5 8. Nf3 Be7 9. d5 Ne5 10. Nxe5 dxe5 11. c5 Nd7 12. Qf3 Bg6 13. d6 cxd6 14. cxd6 Bxd6 15. Rd1 e4 16. Qh3 Ne5 17. Bb5+ Kf8 18. 0-0 a6 19. Bc5 Bxc5 20. Rxd8+ Rxd8 21. Be2 Nd3 22. Nxe4 Bxe4 23. Bxd3 Bxd3 24. Rd1 b6 25. Rxd3 Re8 26. Kf1 h5 27. Qf5 Rh6 28. Rf3 f6 29. h4 a5 30. Rd3 Rh8 31. Rd7 Rh6 32. Qd5 Be7 33. Qe6 b5 34. Qf5 Bb4 35. g3 Re5 36. Rd8+ Kf7 37. Qd7+ Be7 38. Qe8+ Ke6 39. Rd7 1-0

[Event "Prague op 16th"]
[Site "Prague"]
[Date "2017.01.17"]
[Round "6"]
[White "Slabicki, Andrzej"]
[Black "Yapar, Nedim"]
[Result "0-1"]
[WhiteElo "2009"]
[BlackElo "2156"]
[PlyCount "54"]
[EventDate "2017.01.13"]
[EventType "swiss"]
[EventRounds "9"]
[EventCountry "CZE"]
[SourceTitle "CBM 176 Extra"]
[Source "ChessBase"]
[SourceDate "2017.03.02"]
[SourceVersion "1"]
[SourceVersionDate "2017.03.02"]
[SourceQuality "1"]

1. Nf3 Nf6 2. c4 e6 3. Nc3 d5 4. d4 Bb4 5. Bf4 0-0 6. e3 c5 7. Qc2 cxd4 8. exd4 Nc6 9. a3 Bd6 10. Be5 Bxe5 11. dxe5 Ng4 12. Qe2 f6 13. exf6 Nxf6 14. 0-0-0 d4 15. Nb5 e5 16. Nxe5 Re8 17. Nxc6 bxc6 18. Rxd4 Bd7 19. Qd1 cxb5 20. cxb5 Qc7+ 21. Bc4+ Be6 22. Qc2 Qe5 23. Bxe6+ Qxe6 24. Kb1 Rac8 25. Qd3 Ne4 26. Rf1 Nc3+ 27. bxc3 Qb3+ 0-1

[Event "Prague op-B 15th"]
[Site "Prague"]
[Date "2016.01.08"]
[Round "1"]
[White "Slabicki, Andrzej"]
[Black "Sebek, Pavel"]
[Result "1/2-1/2"]
[WhiteElo "2005"]
[BlackElo "1627"]
[PlyCount "63"]
[EventDate "2016.01.08"]
[EventType "swiss"]
[EventRounds "9"]
[EventCountry "CZE"]
[SourceTitle "CBM 170 Extra"]
[Source "ChessBase"]
[SourceDate "2016.02.25"]
[SourceVersion "1"]
[SourceVersionDate "2016.02.25"]
[SourceQuality "1"]

1. e4 c5 2. c3 Nc6 3. d4 cxd4 4. cxd4 e6 5. Nc3 Nf6 6. e5 Nd5 7. Nxd5 exd5 8. Nf3 d6 9. Bd3 dxe5 10. dxe5 Bb4+ 11. Bd2 Bxd2+ 12. Qxd2 Qe7 13. 0-0-0 0-0 14. Rhe1 h6 15. Kb1 Bg4 16. Qf4 Be6 17. h4 f6 18. Qg3 Qf7 19. Bg6 Qe7 20. Ka1 fxe5 21. Nxe5 Rf6 22. f4 Nxe5 23. Rxe5 Qd6 24. f5 Raf8 25. fxe6 Rxg6 26. Qxg6 Qxe5 27. g4 a5 28. a3 b5 29. Qd3 Qxe6 30. Qxd5 Qxd5 31. Rxd5 Rf4 32. Rxb5 1/2-1/2

[Event "Polanica Zdroj op-A 47th"]
[Site "Polanica Zdroj"]
[Date "2011.??.??"]
[Round "9"]
[White "Bus, Konrad"]
[Black "Slabicki, Andrzej"]
[Result "1/2-1/2"]
[WhiteElo "1871"]
[BlackElo "2037"]
[PlyCount "66"]
[EventDate "2011.08.19"]
[EventType "swiss"]
[EventRounds "9"]
[EventCountry "POL"]
[SourceTitle "CBM 144 Extra"]
[Source "ChessBase"]
[SourceDate "2011.10.28"]
[SourceVersion "1"]
[SourceVersionDate "2011.10.28"]
[SourceQuality "1"]

1. d4 Nf6 2. c4 c5 3. Nf3 cxd4 4. Nxd4 Nc6 5. Nc3 e6 6. e4 Bb4 7. Nxc6 Bxc3+ 8. bxc3 dxc6 9. Qxd8+ Kxd8 10. Bg5 h6 11. Bxf6+ gxf6 12. 0-0-0+ Ke7 13. c5 e5 14. Bc4 Be6 15. Bxe6 fxe6 16. Rd3 Rad8 17. Rhd1 Rxd3 18. Rxd3 f5 19. exf5 exf5 20. Rd6 h5 21. Rg6 Rh7 22. Kd2 h4 23. Ke3 Kf7 24. Rd6 Rg7 25. g3 hxg3 26. hxg3 Ke7 27. Rh6 Rg4 28. Rh7+ Ke6 29. Rxb7 Ra4 30. Rc7 Kd5 31. Rf7 Ke6 32. Rc7 Kd5 33. Rf7 Ke6 1/2-1/2

[Event "Polanica Zdroj op-A 47th"]
[Site "Polanica Zdroj"]
[Date "2011.??.??"]
[Round "2"]
[White "Osinski, Emil"]
[Black "Slabicki, Andrzej"]
[Result "0-1"]
[WhiteElo "1731"]
[BlackElo "2037"]
[PlyCount "124"]
[EventDate "2011.08.19"]
[EventType "swiss"]
[EventRounds "9"]
[EventCountry "POL"]
[SourceTitle "CBM 144 Extra"]
[Source "ChessBase"]
[SourceDate "2011.10.28"]
[SourceVersion "1"]
[SourceVersionDate "2011.10.28"]
[SourceQuality "1"]

1. e4 Nf6 2. e5 Nd5 3. c4 Nb6 4. d4 d6 5. exd6 exd6 6. Bd3 Nc6 7. Be3 g6 8. Ne2 Bg7 9. 0-0 Nb4 10. a3 Nxd3 11. Qxd3 0-0 12. Nd2 a5 13. a4 c6 14. Qb3 d5 15. c5 Nd7 16. Nf3 b6 17. Qc2 Ba6 18. Rfe1 Re8 19. Rac1 bxc5 20. dxc5 Ne5 21. Nxe5 Bxe5 22. Nd4 Qc7 23. g3 f5 24. f4 Bf6 25. Bf2 Re4 26. Rxe4 fxe4 27. Qd2 Bd3 28. f5 gxf5 29. Nxf5 Qe5 30. Nh6+ Kg7 31. Ng4 Qg5 32. Qxg5+ Bxg5 33. Bd4+ Kg8 34. Re1 Rf8 35. h4 Bd2 36. Rd1 Be2 37. Rxd2 Bxg4 38. Rf2 Bf3 39. Kf1 h5 40. Ke1 Kh7 41. Kd2 Kg6 42. Ke3 Kf5 43. Rf1 Kg4 44. Be5 Rf7 45. Rg1 Rb7 46. Bc3 Kh3 47. Kf2 Rf7 48. Ke3 Kh2 49. Rf1 Kxg3 50. Bxa5 Kxh4 51. Bd8+ Kh3 52. b4 Ra7 53. b5 Rxa4 54. bxc6 d4+ 55. Kf4 Rc4 56. Be7 Kg2 57. c7 Bg4 58. Re1 d3 59. Ke3 Rc2 60. Bd8 Rxc5 61. Rb1 Rc2 62. Kxe4 d2 0-1

[Event "Polanica Zdroj op-A 47th"]
[Site "Polanica Zdroj"]
[Date "2011.??.??"]
[Round "3"]
[White "Slabicki, Andrzej"]
[Black "Banasik, Krzysztof"]
[Result "1/2-1/2"]
[WhiteElo "2037"]
[BlackElo "2253"]
[PlyCount "68"]
[EventDate "2011.08.19"]
[EventType "swiss"]
[EventRounds "9"]
[EventCountry "POL"]
[SourceTitle "CBM 144 Extra"]
[Source "ChessBase"]
[SourceDate "2011.10.28"]
[SourceVersion "1"]
[SourceVersionDate "2011.10.28"]
[SourceQuality "1"]

1. Nf3 Nf6 2. c4 e6 3. d4 b6 4. g3 Bb7 5. Bg2 Bb4+ 6. Nbd2 c5 7. a3 Bxd2+ 8. Bxd2 0-0 9. dxc5 bxc5 10. b4 Ne4 11. Ng5 d5 12. Nxe4 dxe4 13. Be3 Nd7 14. Qc2 Qc7 15. 0-0 f5 16. Rfd1 cxb4 17. axb4 Rfc8 18. Bxa7 Bd5 19. Bd4 Rxa1 20. Rxa1 Qxc4 21. Qb2 Rb8 22. Rb1 Qa2 23. f3 Qxb2 24. Rxb2 exf3 25. Bxf3 Bxf3 26. exf3 e5 27. Bf2 Kf7 28. Kf1 Ke6 29. Ke2 Kd5 30. b5 Nb6 31. Rb4 Nd7 32. b6 Kc6 33. Rc4+ Kd6 34. Rb4 Kc6 1/2-1/2

[Event "Polanica Zdroj op-A 47th"]
[Site "Polanica Zdroj"]
[Date "2011.??.??"]
[Round "7"]
[White "Slabicki, Andrzej"]
[Black "Chomczyk, Marek"]
[Result "1-0"]
[WhiteElo "2037"]
[BlackElo "1718"]
[PlyCount "37"]
[EventDate "2011.08.19"]
[EventType "swiss"]
[EventRounds "9"]
[EventCountry "POL"]
[SourceTitle "CBM 144 Extra"]
[Source "ChessBase"]
[SourceDate "2011.10.28"]
[SourceVersion "1"]
[SourceVersionDate "2011.10.28"]
[SourceQuality "1"]

1. Nf3 Nf6 2. c4 e6 3. d4 d5 4. Nc3 Bb4 5. Bg5 c5 6. e3 Qa5 7. Bxf6 Bxc3+ 8. bxc3 Qxc3+ 9. Nd2 gxf6 10. Rc1 Qa5 11. cxd5 b6 12. dxe6 fxe6 13. Qf3 Qa3 14. Rd1 cxd4 15. Qxa8 dxe3 16. fxe3 Qxe3+ 17. Be2 Ba6 18. Qxb8+ Kf7 19. Qxa7+ 1-0

[Event "POL Academic Cup 2nd"]
[Site "Wroclaw"]
[Date "2007.05.01"]
[Round "5"]
[White "Slabicki, Andrzej"]
[Black "Warakomska, Anna"]
[Result "0-1"]
[WhiteElo "2019"]
[BlackElo "2107"]
[PlyCount "70"]
[EventDate "2007.04.28"]
[EventType "swiss"]
[EventRounds "9"]
[EventCountry "POL"]
[SourceTitle "EXT 2011"]
[Source "ChessBase"]
[SourceDate "2010.11.26"]
[SourceVersion "1"]
[SourceVersionDate "2010.11.26"]
[SourceQuality "1"]

1. Nf3 Nf6 2. c4 e6 3. Nc3 Bb4 4. Qc2 0-0 5. e3 b6 6. g3 Bb7 7. Bg2 Bxc3 8. bxc3 d6 9. 0-0 Nbd7 10. d4 c5 11. Ne1 Bxg2 12. Nxg2 Rc8 13. Ba3 Qc7 14. Rac1 Rfd8 15. Qe2 Qb7 16. Rfe1 Qa6 17. Bb2 cxd4 18. cxd4 Qxa2 19. Rc2 Qa6 20. e4 Rc7 21. Nf4 Rdc8 22. Ra1 Qb7 23. Re1 b5 24. e5 dxe5 25. dxe5 Ne8 26. Ba3 Rxc4 27. Rd2 b4 28. Bb2 h6 29. Red1 Nb6 30. Bd4 Na4 31. Ng2 Rxd4 32. Rxd4 Nc3 33. Qb2 Nxd1 34. Rxd1 a5 35. Ne3 Qc6 0-1

[Event "POL Academic Cup 2nd"]
[Site "Wroclaw"]
[Date "2007.04.28"]
[Round "1"]
[White "Brodowski, Piotr"]
[Black "Slabicki, Andrzej"]
[Result "1-0"]
[WhiteElo "2364"]
[BlackElo "2019"]
[PlyCount "60"]
[EventDate "2007.04.28"]
[EventType "swiss"]
[EventRounds "9"]
[EventCountry "POL"]
[SourceTitle "EXT 2011"]
[Source "ChessBase"]
[SourceDate "2010.11.26"]
[SourceVersion "1"]
[SourceVersionDate "2010.11.26"]
[SourceQuality "1"]

1. d4 Nf6 2. Nf3 d5 3. g3 Bf5 4. Bg2 e6 5. 0-0 Nbd7 6. Nh4 Bg6 7. Nxg6 hxg6 8. c4 c6 9. Bf4 Be7 10. Nc3 0-0 11. Qd3 Nb6 12. b3 dxc4 13. bxc4 Qd7 14. Rfd1 Rfd8 15. e4 Bc5 16. Qc2 Be7 17. Qb3 Nc8 18. Rab1 b6 19. e5 Nh7 20. d5 cxd5 21. cxd5 Rb8 22. dxe6 Qxe6 23. Rxd8+ Bxd8 24. Bd5 Qe7 25. Bxf7+ Qxf7 26. e6 Qe7 27. Re1 Rb7 28. Nd5 Qe8 29. e7 Kh8 30. Qb5 Rd7 1-0

[Event "Polanica Zdroj op-B 41st"]
[Site "Polanica Zdroj"]
[Date "2005.08.20"]
[Round "2"]
[White "Dubinski, Mateusz"]
[Black "Slabicki, Andrzej"]
[Result "1-0"]
[WhiteElo "2067"]
[BlackElo "1949"]
[PlyCount "75"]
[EventDate "2005.08.19"]
[EventType "swiss"]
[EventRounds "10"]
[EventCountry "POL"]
[SourceTitle "CBM 108 Extra"]
[Source "ChessBase"]
[SourceDate "2005.11.04"]
[SourceVersion "1"]
[SourceVersionDate "2005.11.04"]
[SourceQuality "1"]

1. e4 Nf6 2. e5 Nd5 3. d4 d6 4. c4 Nb6 5. exd6 exd6 6. h3 g6 7. Nf3 Bg7 8. Be2 0-0 9. 0-0 Bf5 10. Nc3 Nc6 11. Be3 Re8 12. Qd2 Qe7 13. b3 Rad8 14. d5 Ne5 15. Nd4 Bc8 16. Rae1 c5 17. dxc6 Nxc6 18. Nxc6 bxc6 19. Bf3 Qc7 20. Bd4 f5 21. Bxg7 Kxg7 22. Qd4+ Kf7 23. Rxe8 Rxe8 24. Rd1 d5 25. cxd5 cxd5 26. Nxd5 Nxd5 27. Bxd5+ Be6 28. Bxe6+ Rxe6 29. Qh8 Re7 30. Qxh7+ Kf6 31. Qh8+ Kf7 32. Qd4 a5 33. a3 Qc2 34. b4 axb4 35. axb4 Re2 36. Ra1 Rd2 37. Ra7+ Ke6 38. Ra6+ 1-0